Východoslovenský Pony-expres prepracoval poštu z Košíc do Prešova Poštári rýchlovozov si poradili aj so zbojníkmi

Bibliographic Details
Main Author: Makarová, Soňa (Author)
Format: Article
Language:Slovak
PhysicalDescription:3 foto
Subjects:

MARC

LEADER 00000nab a2200000 a 4500
001 vtls000895490
003 SK-MaSNL
005 20260302175246.0
008 040720e19961112xo 0 slo
035 |a KE4521 
040 |a KEVKJB  |b slo  |c KEVKJB  |e AACR2 
041 0 |a slo 
044 |a xo  |c SK 
080 |a 656.8/.12  |2 1981 
100 1 |a Makarová, Soňa  |4 aut  |9 429760 
245 1 0 |a Východoslovenský Pony-expres prepracoval poštu z Košíc do Prešova  |b Poštári rýchlovozov si poradili aj so zbojníkmi 
300 |b 3 foto 
650 0 7 |a doprava pošty  |2 KEVKJB  |9 886456 
650 0 7 |a rýchlovozy  |2 KEVKJB  |9 886457 
650 0 7 |a dejiny  |2 KEVKJB  |9 3825 
651 7 |a Košice (Slovensko)  |2 KEVKJB  |9 18694 
651 7 |a KE,  |2 KEVKJB  |9 877256 
651 7 |a KE,  |2 KEVKJB  |9 877256 
655 7 |a periodikum  |2 snkbucl  |9 29553 
773 0 8 |t Korzo  |g Roč. 3, č.264, 12.11.1996, s. 21 
852 |a ZVYKNI  |b KIS3GCP 
999 |c 1406486  |d 1408416